UBT Library

Elementary and intermediate algebra : (Record no. 38961)

000 -LEADER
fixed length control field 00845cam a2200265 i 4500
001 - CONTROL NUMBER
control field 17652672
005 - DATE AND TIME OF LATEST TRANSACTION
control field 20171215035548.0
008 - FIXED-LENGTH DATA ELEMENTS--GENERAL INFORMATION
fixed length control field 130308t20152015maua 001 0 eng
010 ## - LIBRARY OF CONGRESS CONTROL NUMBER
LC control number 2013000873
020 ## - INTERNATIONAL STANDARD BOOK NUMBER
International Standard Book Number 9780321922724 (student edition)
020 ## - INTERNATIONAL STANDARD BOOK NUMBER
International Standard Book Number 0321922727 (student edition)
020 ## - INTERNATIONAL STANDARD BOOK NUMBER
International Standard Book Number 9780321923066 (instructor edition)
020 ## - INTERNATIONAL STANDARD BOOK NUMBER
International Standard Book Number 0321923065 (instructor edition)
040 ## - CATALOGING SOURCE
Original cataloging agency DLC
Language of cataloging eng
Transcribing agency DLC
Description conventions rda
Modifying agency DLC
041 ## - LANGUAGE CODE
Language code of text/sound track or separate title eng
042 ## - AUTHENTICATION CODE
Authentication code pcc
080 ## - UNIVERSAL DECIMAL CLASSIFICATION NUMBER
Universal Decimal Classification number 512.9 LEH
082 00 - DEWEY DECIMAL CLASSIFICATION NUMBER
Classification number 512.9 LEH
Edition number 23
100 1# - Rafti
Rafti 36
101 ## - Shkurtesa
Shkurtesa MAT
245 10 - TITLE STATEMENT
Title Elementary and intermediate algebra :
Statement of responsibility, etc Jay Lehmann, College of San Mateo.
906 ## - LOCAL DATA ELEMENT F, LDF (RLIN)
a 7
b cbc
c orignew
d 1
e ecip
f 20
g y-gencatlg
942 ## - ADDED ENTRY ELEMENTS (KOHA)
Source of classification or shelving scheme
Item type Books
Holdings
Withdrawn status Lost status Source of classification or shelving scheme Damaged status Not for loan Collection code Permanent location Current location Shelving location Date acquired Total Checkouts Full call number Barcode Date last seen Price effective from Koha item type
          Koleksioni i përgjithshem UBT - Lipjan UBT - Lipjan Koleksioni i përgjithshem 12/15/2017   512.9 LEH 002-2939424 12/15/2017 12/15/2017 Books
UBT Library © 2015-2024. All rights reserved University Education for Business and Technology